The stationery shop of Tehran /

Detaylı Bibliyografya
Yazar: Kamali, Marjan (Yazar)
Materyal Türü: Kitap
Dil:English
Baskı/Yayın Bilgisi: London : Simon & Schuster, 2019.
Konular:
Classic Catalogue: View this record in Classic Catalogue
LEADER 01412nam a22003137a 4500
001 44603
003 BD-DhAAL
005 20250813142540.0
008 250813t2019 enk er 000 f eng d
020 |a 9781471185014  |q paperback 
020 |a 9781471189180  |q trade paperback 
020 |a 9781471185021  |q eBook 
040 |a BD-DhAAL  |c BD-DhAAL 
082 |a 813.6  |2 23 
100 |a Kamali, Marjan,  |e author.  |9 59054 
245 |a The stationery shop of Tehran /  |c Marjan Kamali. 
260 |a London :  |b Simon & Schuster,  |c 2019. 
300 |a 312 pages ;  |c 20 cm 
541 |a Donated by Farhana Zahir, Assistant Professor, BRAC Business School, BRAC University  |e 44603 
650 |a Love in adolescence  |v Fiction.  |9 59055 
650 |a Loss (Psychology)  |v Fiction.  |9 59056 
650 |a Man-woman relationships  |v Fiction. 
650 |a Families  |v Fiction. 
651 |a Iran  |x History  |y Coup d’état, 1953  |v Fiction.  |9 59057 
651 |a Tehran (Iran)  |x Fiction.  |9 59058 
852 |a Ayesha Abed Library  |c General Stacks 
942 |2 ddc  |c BK 
999 |c 47378  |d 47378 
952 |0 0  |1 0  |2 ddc  |4 0  |6 813_600000000000000_KAM  |7 0  |9 78014  |a BRACUL  |b BRACUL  |c NEW  |d 2025-08-13  |e Donated by Farhana Zahir, Assistant Professor, BRAC Business School, BRAC University  |l 4  |m 35  |o 813.6 KAM  |p 3010044603  |q 2026-06-02  |r 2026-02-03  |s 2026-02-03  |t 1  |w 2025-08-13  |y BK  |x Donated by Farhana Zahir, Assistant Professor, BRAC Business School, BRAC University ; £8.99